| 000 | 00983nac a22002411u 4500 | ||
|---|---|---|---|
| 008 | 100907t xxu||||| |||| 00| 0 eng d | ||
| 010 | _a 2006027559 | ||
| 020 | _a0131186558 | ||
| 035 | _a(OCoLC)ocm71286591 | ||
| 035 | _a(OCoLC)71286591 | ||
| 082 | 0 | 0 |
_a624.17 _bSHA |
| 100 |
_aShaeffer, R. E. _918517 |
||
| 245 | 1 | 0 |
_aElementary Structures for Architects and Builders / _cR.E. Shaeffer. |
| 250 | _a5th ed. | ||
| 260 |
_aUpper Saddle River, N.J. : _bPearson Prentice Hall, _c2007. |
||
| 300 |
_axii, 531 p. : _bill. ; _c27 cm. |
||
| 500 | _aIncludes index. | ||
| 650 | 0 |
_aStructural analysis (Engineering) _918518 |
|
| 650 | 0 |
_aStructural design. _918519 |
|
| 856 | 4 | 1 |
_3Table of contents only _uhttp://www.loc.gov/catdir/toc/ecip0620/2006027559.html |
| 942 |
_cBB _k624.17SHA _2ddc |
||
| 999 |
_c2472 _d2472 |
||